Responses for show #7402 - Tuesday, November 15, 2016

2016 Teen Tournament quarterfinal game 5.
From DAR Constitution Hall in Washington, D.C.

Contestants

Jasmine Wheeler, an eighth grader from Cuyahoga Falls, Ohio

Sharath Narayan, a sophomore from Madison, Alabama

Michael Borecki, a junior from Darien, Connecticut

Jeopardy! Round responses

CAREER DAY
LYRICS IN OTHER NATIONAL ANTHEMS
SLANGUAGE
NEW PRESIDENTIAL CODE NAMES?
AGRICULTURE
QUARTERBACKS
    $200 11
a pediatrician

Sharath
    $200 19
the United Kingdom

Michael
    $200 9
a sleeve

Michael
    $200 27
Jefferson

Jasmine
    $200 8
wheat

Sharath
    $200 30
Tom Brady

Sharath
    $400 12
a teller

Sharath
    $400 13
Russia

Michael
    $400 16
a hack

Jasmine
    $400 28
John Quincy Adams

Michael
    $400 15
lard

Sharath
    $400 29
(Sharath: Who is Rodgers?)

Brett Favre

MichaelSharath
    $600 24
risk

Michael
    $600 10
India

Sharath
    $600 17
swear on our friendship

Triple Stumper
    $600 14
(Grover) Cleveland

Sharath
    $600 21
milk

Michael
    $600 22
interceptions

Michael
    $800 25
a loan officer

Triple Stumper
    $800 1
Australia

Michael
    $800 18
hangry

Sharath
    $2,000 4
Andrew Jackson

Michael
    $800 6
almonds

Michael
    $800 3
the Browns

Michael
    $1000 26
a surveyor

Jasmine
    $1000 2
Charlemagne

Michael
    $1000 23
fleek

Sharath
    $1000 7
Coolidge

Sharath
    $1000 20
a machete

Jasmine
    $1000 5
(John) Elway

Michael

Scores at the first commercial break (after clue 15):

Michael Sharath Jasmine
$7,000 $3,400 $0

Scores at the end of the Jeopardy! Round:

Michael Sharath Jasmine
$9,800 $5,000 $2,600

Double Jeopardy! Round responses

STORMY WEATHER
MTV
LITERARY CHARACTERS
ONLINE LEARNING
"A"LPHABETICAL VERBS
(Alex: Each correct response will begin with an "A", and it will be followed by other letters all in alphabetical order.)
QUARTER BACKS
    $400 26
sound

Sharath
    $400 30
Awkward

Triple Stumper
    $400 13
Peeta

Sharath
    $400 24
Reconstruction

Sharath
    $400 27
ace

Michael
    $400 23
a buffalo

Sharath
    $800 3
hail

Sharath
    $800 25
Teen Wolf

Michael
    $800 1
Winnie-the-Pooh

Michael
    $800 10
osmosis

Michael
    $800 15
adopt

Sharath
    $3,000 22
Helen Keller

Michael
    $1200 17
the eye

Michael
    $1200 29
(Michael: What are the Music Video Awards?)
(Sharath: What are the MTV Music Awards?)

the Video Music Awards

MichaelSharath
Triple Stumper
    $1200 6
Oliver Twist

Sharath
    $2,000 21
the Declaration of Independence

Michael
    $1200 8
abort

Sharath
    $1200 19
a Minuteman

Michael
    $1600 12
tornadoes

Sharath
    $1600 16
The Real World

Triple Stumper
    $1600 5
the Red Queen

Triple Stumper
    $1600 14
cedars

Triple Stumper
    $1600 7
abhor

Sharath
    $1600 2
the Homestead Act

Sharath
    $2000 18
waterspout

Jasmine
    $2000 28
(Sharath: What are The Spiderwick Chronicles?)

The Shannara Chronicles

Sharath
Triple Stumper
    $2000 4
Esméralda

Jasmine
    $2000 20
CSS

Michael
    $2000 9
affix

Triple Stumper
    $2000 11
Saratoga

Michael

Scores at the end of the Double Jeopardy! Round:

Michael Sharath Jasmine
$22,800 $12,200 $6,600

Final Jeopardy! Round responses

MEN OF SCIENCE
(Alex: He becomes the winner today, and that means that Michael Borecki will be a semifinalist. Come on over here. Congratulations to you, young man. And now let's meet your opponents who are semifinalists. The winners of the games...)
(Lily: Lily Allingham, Wilmington, Delaware.)
(Emily: Emily LaMonica, Sayreville, New Jersey.)
(Alec: Alec Fischthal, North Woodmere, New York.)
(Connor: Connor Pierce, Dallas, Texas.)
(Alex: And now, ladies and gentlemen, the four high-scorers among non-winners...)
(Antonio: Antonio Karides, Severna Park, Maryland.)
(Lucia: Lucia Geng, Great Neck, New York.)
(Apurva: Apurva Kanneganti, Germantown, Tennessee.)
(Alex: And the fourth player standing right here--Sharath Narayan, come on over. So long, everybody.)
JasmineWho is ?
$6,599
SharathWho is Copernicus
$10,601
MichaelWho is Copernicus?
$1,601
Copernicus

Final scores:

Michael Sharath Jasmine
$24,401 $22,801 $1
Automatic semifinalist 2nd place: $5,000 if eliminated 3rd place: $5,000 if eliminated

Game dynamics:

Coryat scores:

Michael Sharath Jasmine
$18,600 $12,200 $6,600
24 R
(including 3 DDs),
1 W
21 R,
3 W
6 R,
0 W

Combined Coryat: $37,400

The J! Archive is created by fans, for fans. The Jeopardy! game show and all elements thereof, including but not limited to copyright and trademark thereto, are the property of Jeopardy Productions, Inc. and are protected under law. This website is not affiliated with, sponsored by, or operated by Jeopardy Productions, Inc. Join the discussion at JBoard.tv.